000 00279nam a2200109Ia 4500
008 190216s9999||||xx |||||||||||||| ||und||
100 _aParameswaran Erumeli
245 0 _aVidyabyasavum Deshiya Vikasanavum
260 _bVidyarthimithram
650 _aEssay Malayalam
942 _cBK
999 _c24692
_d24692